| 000 | 00926nam a22002297a 4500 | ||
|---|---|---|---|
| 999 |
_c6471 _d6471 |
||
| 003 | AR-CdUCM | ||
| 008 | 190318b ||||| |||| 00| 0 spa d | ||
| 020 | _a84-02-06783-2 | ||
| 040 |
_aMUNICIPALIDAD PROVINCIAL DEL CUSCO _cBIBLIOTECA MUNICIPAL DEL CUSCO |
||
| 082 |
_a940.53 / _bZ67 |
||
| 100 |
_aZentner, Kurt _918321 |
||
| 245 | _aLa resistencia / | ||
| 260 |
_aBarcelona : _bBruguera, _c1980. |
||
| 300 |
_a3.t. _c27 cm |
||
| 440 |
_aGrandes guerras de nuestro tiempo _918322 |
||
| 505 | _aContenido :t.1. Resistencia en Alemania desde 1933 a 1945 -- Resistencia en Alemania -- Resistencia en el norte -- Resistencia en el oeste -- Resistencia en los balcanes y en Italia -- t.2. Resistencia en el oeste -- t.3. Resistencia en el oeste. | ||
| 650 |
_aMovimiento anti-nazi _918334 |
||
| 650 |
_aGuerra Mundial, 1939-1945 _918335 |
||
| 650 |
_aMovimientos clandestinos _918336 |
||
| 942 |
_2ddc _cLIBROS |
||
| 945 | _arum | ||